Can You Name Every Single NBA Team - Statistics

General Stats
  • This quiz has been taken 53 times
  • The average score is 27 of 30
Answer Stats
NBA Teams % Correct
Los Angeles Lakers
100%
Utah Jazz
100%
Boston Celtics
97%
Dallas Mavericks
97%
Brooklyn Nets
94%
Denver Nuggets
94%
Golden State Warriors
94%
Houston Rockets
94%
New York Knicks
94%
Charlotte Hornets
91%
Chicago Bulls
91%
Cleveland Cavaliers
91%
Miami Heat
91%
Orlando Magic
91%
Washington Wizards
91%
Atlanta Hawks
88%
Los Angeles Clippers
88%
Minnesota Timberwolves
88%
Oklahoma City Thunder
88%
Sacramento Kings
88%
Toronto Raptors
88%
Indiana Pacers
85%
Milwaukee Bucks
85%
New Orleans Pelicans
85%
Phoenix Suns
85%
Portland Trail Blazers
85%
San Antonio Spurs
85%
Detroit Pistons
82%
Memphis Grizzlies
82%
Philadelphia 76ers
82%
No matching quizzes found
Score Distribution
Percent of People with Each Score
Percentile by Number Answered
Your Score History
You have not taken this quiz